| 000 | 00610nam a22002297a 4500 | ||
|---|---|---|---|
| 005 | 20250527162913.0 | ||
| 008 | 250527b |||||||| |||| 00| 0 eng d | ||
| 037 | _cTB | ||
| 040 |
_aLCT _cLCT |
||
| 041 |
_2eng _aeng _heng |
||
| 084 | _aZ,12 R20 | ||
| 100 |
_aDiwan, Paras _9754909 |
||
| 245 |
_aFamily Law/ _b |
||
| 250 | _a11th ed. | ||
| 260 |
_aFaridabad, India: _bAllahabad Law Agency, _c2020 |
||
| 300 | _axiviii, 604p. | ||
| 650 | _aLaw | ||
| 650 | _aFamily Law/ | ||
| 650 | _alaw of marriage | ||
| 650 |
_alaw divorce _9754910 |
||
| 942 |
_2CC _cGB _hZ,12 R20 _n0 |
||
| 999 |
_c1431102 _d1431102 |
||